V októbri ich vedenie mesta nedostalo, teraz chce znovu poslanci po mesiaci opäť o odmenách

Bibliographic Details
Format: Article
Language:Slovak
PhysicalDescription:Fotogr.
ISSN:1335-7581
Subjects:

MARC

LEADER 00000nab a2200000 a 4500
001 vtls010037607
003 SK-MaSNL
005 20260303045605.0
008 100112c20091125xo dr| 0 0slo
038 |a RVGKPD 
040 |a RVGKPD  |b slo  |c RVGKPD  |e AACR2 
041 |a slo 
044 |a xo  |c SK 
080 |a 352.9  |2 1997 
245 0 0 |a V októbri ich vedenie mesta nedostalo, teraz chce znovu  |b poslanci po mesiaci opäť o odmenách  |c [autor] (ela) 
300 |b Fotogr. 
610 1 7 |a Rožňava (Slovensko).  |b Mestské zastupiteľstvo  |2 rvgkpd  |9 58429 
648 7 |a 26.11.2009  |2 rvgkpd  |9 1036464 
650 0 7 |a zasadnutia  |2 rvgkpd  |9 372516 
651 7 |a Rožňava (Slovensko)  |2 rvgkpd  |9 17394 
773 0 |t Gemerský korzár  |g Roč. XI, č. 272 (25.11.2009), s. 1, 2  |x 1335-7581 
852 |a RVGKPD  |b KIS3G 
992 |a RBX 
999 |c 1704282  |d 1706212